| 000 | 00722nam2a22002051 4500 | ||
|---|---|---|---|
| 001 | RU\NLR\A1SV\147318 | ||
| 005 | 20251214192854.0 | ||
| 035 | _a(NLR Aleph) 011430148 | ||
| 090 |
_a13492956 _c13492956 |
||
| 100 | _a20170621d1926 u y0rusy50 ca | ||
| 101 | 0 | _arus | |
| 200 | 1 | _aЗа июль 1926 г. | |
| 215 | _a17 с. | ||
| 461 | 1 |
_1001RU\NLR\A1SV\112368 _12000#$v№ 7 _910147747 _c[Саратов] _d[1926] _nСарполиграфпром 10-е отд. _tСводка распоряжений и разъяснений по Коммерческо-экономическому отделу _v№ 7 |
|
| 801 | 0 |
_aRU _bNLR _c20170621 |
|
| 852 |
_aNLR _j35/1358-1-3 |
||
| 942 | _cBOOK | ||
| 980 | _aA1SV | ||
| 980 | _aNB | ||